Cartilla para profesionales del derecho y funcionarios-as del poder judicial: asesoramiento y recursos para la intervención de los-as profesionales del derecho y funcionarios-as judiciales en situaciones de violencia familiar
Guardat en:
| Autor principal: | |
|---|---|
| Format: | Llibre |
| Idioma: | espanyol |
| Publicat: |
Buenos Aires
Asociación Argentina de Prevención de la Violencia Familiar
2000
|
| Matèries: | |
| Etiquetes: |
Afegir etiqueta
Sense etiquetes, Sigues el primer a etiquetar aquest registre!
|
MARC
| LEADER | 00000nam a2200000 a 4500 | ||
|---|---|---|---|
| 001 | UCN9647 | ||
| 003 | CL-VaPUC | ||
| 008 | 011221e20000000AG |||||||||||||||||spa|d | ||
| 082 | 0 | 4 | |a 344.0328292 |b FER |2 21 |
| 100 | 0 | |a Ferreira, Graciela B |e author |9 466212 | |
| 245 | 1 | 0 | |a Cartilla para profesionales del derecho y funcionarios-as del poder judicial: asesoramiento y recursos para la intervención de los-as profesionales del derecho y funcionarios-as judiciales en situaciones de violencia familiar |
| 300 | |a 48 p | ||
| 942 | |c BK | ||
| 945 | |d 20011221 00:00:00 |a vberengu | ||
| 260 | |a Buenos Aires |b Asociación Argentina de Prevención de la Violencia Familiar |c 2000 | ||
| 650 | 0 | |a Violencia intrafamiliar |9 312986 | |
| 650 | 0 | |a Violencia conyugal |9 259238 | |
| 650 | 0 | |a Maltrato infantil |9 324690 | |
| 650 | 7 | |a INCESTO |2 CL-VaPUC |9 338791 | |
| 583 | |a last modification |c 20180326 02:28:57 |k Rodrigo Vera | ||
| 999 | |c 298945 |d 298943 | ||
| 952 | |0 0 |1 0 |2 ddc |4 0 |6 344_032829200000000_FER_2000 |7 0 |8 A |9 355019 |a BIBDER |b BIBDER |d 2019-11-21 |i 3772284 |o 344.0328292 FER 2000 |p 3772284 |r 2023-01-25 |w 2019-11-21 |y MX |k DER | ||